Subdivision Shapes - Statistics

General Stats
  • This quiz has been taken 70 times
  • The average score is 13 of 16
Answer Stats
Picture Answer % Correct
Alaska
100%
California
100%
England
100%
Greenland
100%
Texas
100%
Florida
97%
Western Australia
95%
British Columbia
90%
Crimea
88%
Sicily
86%
Hokkaido
85%
Quebec
85%
Kamchatka
71%
Tibet
59%
São Paulo
42%
Uttar Pradesh
36%
No matching quizzes found
Score Distribution
Percent of People with Each Score
Percentile by Number Answered
Your Score History
You have not taken this quiz